National Endogamy and Double Standards

Titel: National Endogamy and Double Standards : Sexuality and Nationalism in East-Central Europe during the 19th Century
Verfasser:
In: Journal of social history, Band 41, Heft 2 (2007 [2008]), Seite 413-433
alle Artikel anzeigen
Veröffentlicht: 2007 [2008]
Format: Aufsatz
Sprache: Englisch
Kein Bild verfügbar
X
alg: 39252613
001A    $01999:11-11-16 
001B    $03025:12-06-23 $t10:17:38.000 
001D    $01999:11-11-16 
001U    $0utf8 
001X    $00 
002@    $0Oox 
003@    $0392526131 
007A    $0392526131 $aHEB 
007T    $0Herdc0048801m 
009Q    $uhttps://doi.org/10.1353/jsh.2008.0021 $xH 
010@    $aeng 
011@    $a2008 $n2007 [2008] 
021A    $aNational Endogamy and Double Standards $dSexuality and Nationalism in East-Central Europe during the 19th Century 
028A    $aMaxwell $dAlexander 
031A    $d41 $e2 $h413-433 $j2007 [2008] 
037A    $aBetrifft Polen, Ungarn, Slowakei, Böhmen, Mähren und Österreichisch-Schlesien 
039B    $aIn $8--Obvc--. Journal of social history. - Oxford : Oxford University Press, 1967-. - Online-Ressource. - ISSN 1527-1897 $x200700000410002587 $9092463754 
045F    $a306.094371 $eDDC23BSB 
045F/01 $a306.09 
045F/03 $g4371 
045F/03 $g439 
045F/03 $g4373 
045T    $aROM $qDE-5 $2FID 
045T    $aROM $qDE-18 $2FID 

lok: 39252613 78

exp: 39252613 78 1 #EPN
201B/01 $026-11-17 $t01:11:02.000 
201U/01 $0utf8 
203@/01 $0788624040 
208@/01 $a11-11-16 $be 
209A/01 $a/ $f000 $x00 
220C/01 $aTitelaufnehmer: pg 
220C/01 $aHerkunft: HI Marburg 
244Z/01 $#Tschechien $#Tschechische Republik $#Tschechische Republik $#Tschechenland $#Tschechei Tschechien $#Česká Republika $#Czech Republic $#ČR $74303381-7 $8--Tg1--Tschechien $x01 $9086659812 
244Z/01 $2Trx $#Böhmen $#Bohemia $#Czechy $8--Trx--Čechy $x02 $9391188941 
244Z/01 $2Trx $#Slowakische Republik $#Szlovák Köztársaság $#Republika Słowacka $#Slovenská Republika $#Slovensko $#Slowakei $#Słowacja $#Slovensko $8--Trx--Slovenská Republika $x03 $9391345796 
244Z/01 $2Trx $#Poola $#Lenkija $#Polija $#Polen Land $#Poland $#Lengyelország $#Poľsko $#Polsko $8--Trx--Polska$gkraj $x04 $9391345966 
244Z/01 $2Trx $#Silesia $#Śląsk $#Sliezsko $#Slezsko $8--Trx--Schlesien $x05 $9391173987 
244Z/01 $2Trx $#Ungari $#Vengrija $#Ungārija $#Ungarn $#Hungary $#Węgry $#Maďarsko $#Maďarsko $#Uhorsko $#Uhersko;Uhry $8--Trx--Magyarország $x06 $9391197150 
244Z/01 $aGeschichte 1800-1900 $x07 
244Z/01 $2Trx $#seksuaalsus $#seksualumas $#Sexuality $#szexualitás $#seksualność $#sexualita $#sexualita $8--Trx--Sexualität $x08 $9391353462 
244Z/01 $2Trx $#natsionalism $#nacionalizmas $#nationalism $#nacionalizmus $#nacjonalizm $#nacionalizmus $#nacionalismus $8--Trx--Nationalismus $x09 $9391370146 
244Z/01 $2Trx $#sugukonnaajalugu juhtumi uurimised $#lyčių istorija case studies $#gender history case studies $#nemek története esettanulmányok $#gender studies $#dejiny pohlaví biografie $#dějiny pohlaví biografie $#gender studies $#Frauen $#kobiety $#dejiny žien $#dějiny žen $#ženy $8--Trx--Geschlechtergeschichte$gFallstudien $x10 $9391357239 
244Z/01 $2Trx $8--Trx--Zeitschriftenaufsatz $x11 $9391384341 
245Z/01 $a09.12 $x01 
247C/01 $82080>Marburg/Lahn, Herder-Institut, Forschungsbibliothek, Bibliographieportal $9336309341
LEADER 00000caa a22000002c 4500
001 392526131
003 DE-603
005 20230612101738.0
007 cr||||||||||||
008 161111s2008 xx |||| o| u00||u|eng c
035 |a (DE-599)HEB392526131 
040 |a DE-603  |b ger  |c DE-603  |d DE-603 
041 |a eng 
082 0 4 |8 1\u  |a 306.094371  |q DE-101  |2 23/BSB 
084 |a ROM  |q DE-5  |2 fid 
084 |a ROM  |q DE-18  |2 fid 
085 |8 1\u  |b 306.09 
085 |8 1\u  |z 2  |s 4371 
085 |8 1\u  |z 2  |s 439 
085 |8 1\u  |z 2  |s 4373 
100 1 |a Maxwell, Alexander 
245 0 0 |a National Endogamy and Double Standards  |b Sexuality and Nationalism in East-Central Europe during the 19th Century 
264 0 |c 2007 [2008] 
500 |a Betrifft Polen, Ungarn, Slowakei, Böhmen, Mähren und Österreichisch-Schlesien 
773 0 8 |i In  |t Journal of social history  |d Oxford : Oxford University Press, 1967-  |h Online-Ressource  |x 1527-1897  |g Band 41, Heft 2 (2007 [2008]), Seite 413-433  |w (DE-603)092463754  |w (DE-600)2007084-6 
856 |u https://doi.org/10.1353/jsh.2008.0021  |x Verlag 
924 1 |9 2080  |a (DE-603)788624040  |b DE-2080  |c HES  |d d  |g /